PHYTOCHEMICAL METHODS : A GUIDE TO MODERN TECHNIQUES OF PLANT ANALYSIS (Record no. 7926)

MARC details
000 -LEADER
fixed length control field 00465nam a22001697a 4500
005 - DATE AND TIME OF LATEST TRANSACTION
control field 20230117102706.0
008 - FIXED-LENGTH DATA ELEMENTS--GENERAL INFORMATION
fixed length control field 220215b ||||| |||| 00| 0 eng d
020 ## - INTERNATIONAL STANDARD BOOK NUMBER
ISBN 9789402415780
041 ## - LANGUAGE CODE
Language code of text/sound track or separate title eng
082 ## - DEWEY DECIMAL CLASSIFICATION NUMBER
Classification number 613.2
Item number HAR-P
100 ## - MAIN ENTRY--AUTHOR NAME
Personal name HARBORNE , J. B
245 ## - TITLE STATEMENT
Title PHYTOCHEMICAL METHODS : A GUIDE TO MODERN TECHNIQUES OF PLANT ANALYSIS
260 ## - PUBLICATION, DISTRIBUTION, ETC. (IMPRINT)
Place of publication LONDON
Name of publisher CHAPMAN AND HALL
300 ## - PHYSICAL DESCRIPTION
Number of Pages 302; P..
650 ## - SUBJECT ADDED ENTRY--TOPICAL TERM
Topical Term PHARMACY
General subdivision B.PHARMA
942 ## - ADDED ENTRY ELEMENTS (KOHA)
Koha item type Books
Holdings
Lost status Damaged status Collection code Home library Current library Shelving location Date acquired Source of acquisition Cost, normal purchase price Full call number Accession Number Koha item type
    Reference JRU Library JRU Library Shelf - 25- D 15/02/2022 PURCHASE 1295.00 613.2 26387 Books
    PHARMACY JRU Library JRU Library SHELF-3-D 15/02/2022 PURCHASE 1295.00 613.2 26388 Books